00751nam a2200181 a 450000100100000000500170001000800410002702000150006804000250008310000310010824500750013926000850021430000540029949000460035350400730039971000510047283000460052300004177920201002035741.0131017s1998 sp ac 000 0 spa d a8400077350 aDO-SdBNPbspacBNPHU1 aCores Trasmonte, Baldomero10aOs Senadores Da Universidade de Santiago /cBaldomero Cores Trasmonte. aSantiago de Compostela :bInstituto Padre Sarmiento de Estudios Gallegos,c1998. a395 p., [10]p. de lám. :bil., retrs. ;c24 cm.1 aCuadernos de Estudios Gallegos. Anexov26 aIncluye referencias bibliográficas y notas al pie de las páginas2 aInstituto Padre Sarmiento de Estudios Gallegos 0aCuadernos de Estudios Gallegos. Anexov26